Missing Word: US Open Golf Winners (A-Z) Quiz Stats

 Plays Quiz Updated Jun 14, 2018

Also try: #1 Ranked Golfers
Challenge
Share
Tweet
Embed
Score 0/22 Timer 03:00
0 Plays Today
Hint Answer % Correct
_____ PalmerArnold
97.3%
_____ WoodsTiger
96.5%
Ernie _____Els
88.9%
_____ PlayerGary
88.1%
_____ SpiethJordan
84.4%
Jack _____Nicklaus
81.3%
Ben _____Hogan
77.1%
Tom _____Watson
74.1%
_____ StewartPayne
74.1%
_____ JonesBobby
72.4%
Rory _____McIlroy
70.4%
Hint Answer % Correct
Hale _____Irwin
69.8%
Fuzzy _____Zoeller
67.5%
Curtis _____Strange
66.7%
_____ JohnsonDustin
65.1%
Justin _____Rose
60%
Martin _____Kaymer
52.8%
Ray _____Floyd
50.1%
Geoff _____Ogilvy
45.8%
_____ GloverLucas
44.9%
Billy _____Casper
41.3%
Ken _____Venturi
34%

Today's Daily Dose

Missing Word
New England Movies

Word Ladder
Royal Titles

Get the Picture
Big 4 'B' All-Stars

You're not logged in!

Compare scores with friends on all Sporcle quizzes.
OR
Log In

You Might Also Like...

Show Comments

Extras

Top Quizzes Today


Score Distribution

Your Account Isn't Verified!

In order to create a playlist on Sporcle, you need to verify the email address you used during registration. Go to your Sporcle Settings to finish the process.

Report this User

Report this user for behavior that violates our Community Guidelines.

Details: